| 000 | 00695nam a22002057a 4500 | ||
|---|---|---|---|
| 005 | 20100812142453.0 | ||
| 010 | _aENG-99961 | ||
| 020 |
_a8187957042 _c150.00 |
||
| 035 | _aEN-83493 | ||
| 037 | _bDBAD/PUB | ||
| 082 | _a612.64 | ||
| 100 |
_aSaminathan, B. _911808 |
||
| 245 |
_aEmbroyology / _cby B. Saminathan |
||
| 260 |
_aPuducherry _bVirat Publications _c2008 |
||
| 270 |
_a#9, Main Road Kumarapalayam _bPuducherry _e605502 |
||
| 300 |
_aiv,116p. _c19cm (pbk) |
||
| 650 |
_aEmbryology _911809 |
||
| 942 |
_2ddc _cEN _h612.64 _mSAM |
||
| 999 |
_c41373 _d41373 |
||